000 00628nam a2200181Ia 4500
003 GCL
008 140319s9999 xx 000 0 ara d
040 _aGCL /
_cGCL
082 0 4 _a811.9
_bم ج
100 1 _aمحيى الدين صالح
245 1 0 _aالجرح واحلام العودة: ديوان شعر /
_cمحيى الدين صالح
300 _a78 ص
490 _aالهيئة العامة للاستعلامات
_v0
650 0 4 _aالشعر العربى
650 0 4 _aالادب العربى - العصر الحديث
650 0 4 _aالشعر العربى - مصر - دواوين وقصائد
942 _2ddc
_cBK
999 _c50065
_d50065